Darts Allgemeinwissen - Statistiken

Allgemein
  • Dieses Quiz wurde 381 mal gespielt
  • Das Durchschnittsergebnis liegt bei 15 aus 21
Antwortstatistiken
Frage Antwort % Korrekt
Welcher Spieler hat die meisten WM-Titel gewonnen? Phil Taylor
97%
Welcher Spieler wird auch "The Green Machine" genannt? Michael Van Gerwen
93%
Welcher Spieler elektrisiert die Zuschauer mit seinem Walk-On "Mr.Brightside"? Nathan Aspinall
89%
Wo findet die Darts Weltmeisterschaft jedes Jahr statt? Alexandra Palace
84%
Welcher Spieler wird auch "The Wall" genannt? Martin Schindler
83%
Wer hat "Don't stop the party" als Walk-On Song? Peter Wright
83%
Wer warf den 9-Darter im "besten Leg aller Zeiten"? Michael Smith
81%
Wie viele 9-Darter warf Luke Littler in seinem ersten Profi-Jahr? Vier
81%
Und was ist sein Spitzname? Snakebite
78%
Wer hält den Rekord für den höchsten Satz-Average in einem WM-Spiel mit 140.91 Punkten? Luke Littler
74%
Wer ist der Spieler mit den meisten 9-Darter gegen sich? James Wade
71%
Wie weit von der Scheibe entfernt steht man im Dart? 2,37m
70%
Wer trägt den Spitznamen "The Ferret"? Jonny Clayton
68%
Wer ist die "Queen of the Palace"? Fallon Sherrock
67%
Wer ist der Master of Ceremonies in der PDC? John McDonald
64%
Welchen Beruf übte Rob Cross vor seiner Darts Karriere aus? Elektriker
58%
Welcher Spieler ist bekannt für seine kuriosen Rechenfehler? Jose de Sousa
58%
Wer war der erste Nicht-Englische Weltmeister? John Part
54%
Aus welchem Land kommt er? Kanada
51%
Wer war der erste Weltmeister der PDC? Dennis Priestly
40%
Nach wem ist die WM-Trophäe benannt? Sid Wadell
20%
Keine übereinstimmenden Quizze gefunden
Verteilung der Resultate
Anzahl Personen mit jedem Resultat
Perzentil nach korrekt beantworteten Fragen
Ihre Resultats-Entwicklung
Sie haben dieses Quiz noch nicht gespielt